000 00865nam a2200241Ia 4500
003 OSt
005 20220923222215.0
006 a|||||r|||| 00| 0
007 ta
008 220922b |||||||| |||| 00| 0 hin d
024 _a203,733
037 _cTextual
040 _aARTS
_cARTS
_bhin
041 _2hin
_ahin
082 _aO157,3NRA3,3, 152M0
100 _aराय, सत्यजित; चौधरी, योगेन्द्र, अनु.
_9166313
245 0 _aफेलूदा एंड कंपनी
246 _aFelūdā eanḍa kanpanī
260 _aदिल्ली
_b सरस्वती विहार
_c1980
300 _a138पृ.
_ccm.
942 _hO157,3NRA3,3, 152M0
_cTEXL
_2CC
999 _c354483
_d354483